|
|
|
|
| LEADER |
00000nab a2200000uu 4500 |
| 001 |
vtls011440352 |
| 003 |
SK-MaSNL |
| 005 |
20260304204525.0 |
| 008 |
230213|1965 xo |||||||||||||||||slo| |
| 015 |
|
|
|a SNBRB
|
| 035 |
|
|
|a (urnnbn)urn:nbn:sk:snk:ar-002xxd
|
| 035 |
|
|
|a (uuid)59307b60-aa6e-4f17-a199-b745e27b2d9f
|
| 035 |
|
|
|a urn:nbn:sk:snk-abceuf
|
| 040 |
|
|
|a SNKBUCL
|b slo
|c SNKBUCL
|e AACR2
|
| 041 |
0 |
|
|a slo
|
| 044 |
|
|
|a xo
|c SK
|
| 100 |
1 |
|
|a Ferianc, Oskár,
|d 1905-1987
|4 aut
|9 92182
|
| 245 |
1 |
0 |
|a O. FERIANC, STAVOVCE SLOVENSKA II, III, VTÁKY I, II.
|c O. Ferianc
|
| 773 |
0 |
|
|t Biológia : časopis Slovenskej akadémie vied
|g Roč. 20, č. 12 (1965), s. 937-939
|
| 954 |
|
|
|a odborná, vedecká literatúra pôvodná (slovenská)
|2 lita
|
| 958 |
|
|
|a OND
|
| 958 |
|
|
|a EUIPO
|
| 958 |
|
|
|a article16
|
| 999 |
|
|
|c 3116501
|d 3118431
|